Meeting the challenge of the later years; (Record no. 34706)

MARC details
000 -LEADER
fixed length control field 00948cam a22002411 4500
001 - CONTROL NUMBER
control field hew67000103
003 - CONTROL NUMBER IDENTIFIER
control field DLC
005 - DATE AND TIME OF LATEST TRANSACTION
control field 20260227111516.0
008 - FIXED-LENGTH DATA ELEMENTS--GENERAL INFORMATION
fixed length control field 810304s1967 dcuac f000 0 eng c
010 ## - LIBRARY OF CONGRESS CONTROL NUMBER
LC control number hew67000103
035 ## - SYSTEM CONTROL NUMBER
System control number (OCoLC)7188613
040 ## - CATALOGING SOURCE
Original cataloging agency U.S. Dept. of Health, Education, and Welfare. Library
Transcribing agency KyLoU
Modifying agency DLC
043 ## - GEOGRAPHIC AREA CODE
Geographic area code n-us---
050 00 - LIBRARY OF CONGRESS CALL NUMBER
Classification number HQ1064.U5
Item number A34 no. 136
110 1# - MAIN ENTRY--CORPORATE NAME
Corporate name or jurisdiction name as entry element United States.
Subordinate unit Administration on Aging.
245 10 - TITLE STATEMENT
Title Meeting the challenge of the later years;
Remainder of title guide to community action for Senior Citizens Month, 1967, and year-round activity.
260 ## - PUBLICATION, DISTRIBUTION, ETC.
Place of publication, distribution, etc. [Washington,
Date of publication, distribution, etc. 1967]
300 ## - PHYSICAL DESCRIPTION
Extent 32 p.
Other physical details illus., ports.
Dimensions 24 cm.
490 0# - SERIES STATEMENT
Series statement U.S. President's Council on Aging. PCA publication 136
500 ## - GENERAL NOTE
General note Published in cooperation with President's Council on Aging.
650 #0 - SUBJECT ADDED ENTRY--TOPICAL TERM
Topical term or geographic name entry element Older people
Geographic subdivision United States.
740 0# - ADDED ENTRY--UNCONTROLLED RELATED/ANALYTICAL TITLE
Uncontrolled related/analytical title Community action for Senior Citizens Month, 1967, and year-round activity.

No items available.

Powered by Koha